Linear programming and extensions / (Record no. 29532)

000 -LEADER
fixed length control field 00557 a2200169 4500
020 ## - INTERNATIONAL STANDARD BOOK NUMBER
International Standard Book Number 0691059136
020 ## - INTERNATIONAL STANDARD BOOK NUMBER
International Standard Book Number 9780691059136
082 ## - DEWEY DECIMAL CLASSIFICATION NUMBER
Classification number 519.92
090 ## - LOCALLY ASSIGNED LC-TYPE CALL NUMBER (OCLC); LOCAL CALL NUMBER (RLIN)
-- 909
-- 909
100 1# - MAIN ENTRY--PERSONAL NAME
Personal name Dantzig, George.
245 10 - TITLE STATEMENT
Title Linear programming and extensions /
Statement of responsibility, etc. George Dantzig.
260 ## - PUBLICATION, DISTRIBUTION, ETC.
Place of publication, distribution, etc. [S.l.] :
Name of publisher, distributor, etc. Princeton University Press,
Date of publication, distribution, etc. 1991
300 ## - PHYSICAL DESCRIPTION
Extent 648 p. ;
Dimensions 24 cm.
700 ## - ADDED ENTRY--PERSONAL NAME
Personal name Dantzig, George.
942 ## - ADDED ENTRY ELEMENTS (KOHA)
Institution code [OBSOLETE] SNS
Koha item type Book
Call number prefix 519.92 DAN
Holdings
Withdrawn status Lost status Damaged status Not for loan Permanent Location Current Location Date acquired Total Checkouts Full call number Barcode Date last seen Price effective from Koha item type
        School of Natural Sciences (SNS) School of Natural Sciences (SNS) 05/26/2016   519.92 DAN SNS0001079 05/26/2016 05/26/2016 Book
© 2023 Central Library, National University of Sciences and Technology. All Rights Reserved.